000 00676nam a2200265Ia 4500
005 20260121173649.0
008 008 260114s9999 xx 000 0 eng d
020 _a9783319104829
037 _aEBOOK
040 _aCRL
040 _beng
040 _cCRL
041 _2eng
041 _aeng
084 _qCRL
100 _aPrudence C. Layne Peter Lake
_91103669
245 0 _aGlobal Innovation of Teaching and Learning in Higher Education
260 _bSpringer
260 _bSpringer
260 _c2015
856 _uhttps://link.springer.com/openurl?genre=book&isbn=978-3-319-10482-9
942 _cEBOOK
999 _c1669417
_d1669417